Paesi che contengono una lettera - B - Statistics

Statistiche generali
  • Questo quiz è stato fatto 641 volte
  • Il punteggio medio è 38 su 48
Statistiche sulle risposte
Categoria Paese % Corretto
1 x B Bolivia
94%
1 x B Belgio
92%
1 x B Brasile
92%
1 x B Bielorussia
91%
1 x B Bulgaria
91%
1 x B Belize
90%
2 x B Barbados
89%
1 x B Bhutan
89%
1 x B Burundi
87%
1 x B Bosnia ed Erzegovina
86%
1 x B Arabia Saudita
85%
1 x B Bahamas
85%
1 x B Botswana
85%
1 x B Bangladesh
84%
1 x B Benin
83%
1 x B Brunei
82%
1 x B Cambogia
82%
1 x B Zambia
82%
1 x B Albania
81%
1 x B Burkina Faso
81%
1 x B Colombia
81%
1 x B Gambia
81%
1 x B Libia
81%
2 x B Repubblica Democratica del Congo
81%
2 x B Repubblica del Congo
80%
1 x B Libano
79%
2 x B Repubblica Ceca
79%
1 x B Bahrain
78%
1 x B Serbia
78%
1 x B Lussemburgo
77%
2 x B Repubblica Dominicana
77%
1 x B Birmania
76%
1 x B Namibia
76%
2 x B Zimbabwe
76%
1 x B Azerbaijan
75%
1 x B Gibuti
75%
1 x B Liberia
75%
1 x B Cuba
74%
1 x B Gabon
74%
1 x B Emirati Arabi Uniti
73%
2 x B Repubblica Centrafricana
73%
1 x B Mozambico
72%
2 x B Antigua e Barbuda
70%
1 x B Uzbekistan
70%
1 x B Guinea-Bissau
68%
1 x B Trinidad e Tobago
68%
1 x B Paesi Bassi
62%
1 x B Kiribati
60%
Nessun quiz corrispondente trovato
Distribuzione punteggi
Percentuale di utenti per punteggio
Percentile per numero di risposta
I tuoi punteggi nel tempo
Non hai fatto questo quiz